<?xml version="1.0" encoding="UTF-8"?>
<record
    xmlns:xsi="http://www.w3.org/2001/XMLSchema-instance"
    xsi:schemaLocation="http://www.loc.gov/MARC21/slim http://www.loc.gov/standards/marcxml/schema/MARC21slim.xsd"
    xmlns="http://www.loc.gov/MARC21/slim">

  <leader>02352cam a22002535a 4500</leader>
  <controlfield tag="001">17487983</controlfield>
  <controlfield tag="005">20161122135455.0</controlfield>
  <controlfield tag="008">121005t2013    mdua   frb    001 0 eng d</controlfield>
  <datafield tag="020" ind1=" " ind2=" ">
    <subfield code="a">9781585283439</subfield>
  </datafield>
  <datafield tag="040" ind1=" " ind2=" ">
    <subfield code="a">DNLM/DLC</subfield>
    <subfield code="c">DLC</subfield>
    <subfield code="d">DLC</subfield>
    <subfield code="d">EG-ScBUE</subfield>
    <subfield code="b">eng</subfield>
  </datafield>
  <datafield tag="082" ind1="0" ind2="4">
    <subfield code="a">616.075</subfield>
    <subfield code="2">22</subfield>
    <subfield code="b">LEE</subfield>
  </datafield>
  <datafield tag="245" ind1="0" ind2="0">
    <subfield code="a">Basic skills in interpreting laboratory data /</subfield>
    <subfield code="c">[edited by] Mary Lee.</subfield>
  </datafield>
  <datafield tag="250" ind1=" " ind2=" ">
    <subfield code="a">5th ed.</subfield>
  </datafield>
  <datafield tag="260" ind1=" " ind2=" ">
    <subfield code="a">Bethesda :</subfield>
    <subfield code="b">American Society of Health-System Pharmacists,</subfield>
    <subfield code="c">c.2013.</subfield>
  </datafield>
  <datafield tag="300" ind1=" " ind2=" ">
    <subfield code="a">xxvii, 636 p. :</subfield>
    <subfield code="b">ill. ;</subfield>
    <subfield code="c">28 cm.</subfield>
  </datafield>
  <datafield tag="504" ind1=" " ind2=" ">
    <subfield code="a">Includes bibliographical references and index.</subfield>
  </datafield>
  <datafield tag="505" ind1="0" ind2=" ">
    <subfield code="a">Definitions and concepts / Karen J. Tietze -- Introduction to common laboratory assays and technology / Philip F. Dupont -- Primer on drug interferences with test results / Mary Lee -- Substance abuse and toxicology testing / Peter A. Chyka -- Interpretation of serum drug concentrations / Janis J. Mackichan, Robb Mcgory -- Electrolytes, other minerals, and trace elements / Alan Lau, Lingtak- Neander Chan -- Pharmacogenomics and laboratory tests / Amber L. Beitelshees, Rosane Charlab Orbach -- The kidneys / Dominick P. Trombetta, Edward F. Foote -- Arterial blood gases and acid-base balance / Anastasia L. Roberts -- Pulmonary function and related tests / Lori A. Wilken, Min Joo -- The heart : diagnostic tests and laboratory procedures / Wafa Y. Dahdal, Samir Y. Dahdal -- Liver and gastroenterology tests / Paul Farkas, Barry Slitzky,Joanna Sampson -- Brian Altman -- Endocrine disorders / Eva M. Vivian, Brady Blackorbay -- Lipid disorders / Jill S. Borchert, Kathy E. Komperda -- Hematology : red and white blood cell tests / Paul R. Hutson, Ashley Johnson -- Hematology : blood coagulation tests / Lea E. Dela Pena -- Infectious diseases / Rodrigo Burgos, Keith A. Rodvold,Sharon M. Erdman -- Rheumatic diseases / Terry L. Schwinghammer -- Cancers and tumor markers / Patrick J. Medina -- Interpreting pediatric laboratory data / Donna M. Kraus -- Women's health / Michelle J. Washington, Candace S. Brown -- Common medical disorders of aging males-clinical and laboratory test monitoring / Mary Lee, Roohollah Sharifi .</subfield>
  </datafield>
  <datafield tag="650" ind1=" " ind2="7">
    <subfield code="a">Diagnosis, Laboratory.</subfield>
    <subfield code="2">BUEsh</subfield>
  </datafield>
  <datafield tag="650" ind1=" " ind2="0">
    <subfield code="a">Examinations</subfield>
    <subfield code="x">Interpretation.</subfield>
    <subfield code="2">BUEsh</subfield>
  </datafield>
  <datafield tag="651" ind1=" " ind2=" ">
    <subfield code="2">BUEsh</subfield>
  </datafield>
  <datafield tag="653" ind1=" " ind2=" ">
    <subfield code="b">PPhrm</subfield>
    <subfield code="c">November2016</subfield>
  </datafield>
  <datafield tag="700" ind1="1" ind2=" ">
    <subfield code="a">Lee, Mary</subfield>
    <subfield code="q">(Mary Wu-Len)</subfield>
    <subfield code="e">editor.</subfield>
  </datafield>
  <datafield tag="942" ind1=" " ind2=" ">
    <subfield code="2">ddc</subfield>
  </datafield>
  <datafield tag="999" ind1=" " ind2=" ">
    <subfield code="c">23275</subfield>
    <subfield code="d">23247</subfield>
  </datafield>
  <datafield tag="952" ind1=" " ind2=" ">
    <subfield code="0">0</subfield>
    <subfield code="1">0</subfield>
    <subfield code="2">ddc</subfield>
    <subfield code="4">0</subfield>
    <subfield code="7">0</subfield>
    <subfield code="8">Baccah</subfield>
    <subfield code="a">MAIN</subfield>
    <subfield code="b">MAIN</subfield>
    <subfield code="c">1ST</subfield>
    <subfield code="d">2016-11-22</subfield>
    <subfield code="e">Purchase</subfield>
    <subfield code="g">624.00</subfield>
    <subfield code="h">23587</subfield>
    <subfield code="l">1</subfield>
    <subfield code="m">7</subfield>
    <subfield code="o">616.075 LEE</subfield>
    <subfield code="p">000034990</subfield>
    <subfield code="r">2026-02-10 00:00:00</subfield>
    <subfield code="s">2017-04-10</subfield>
    <subfield code="v">780.00</subfield>
    <subfield code="y">BB</subfield>
  </datafield>
</record>
